[Event "NIV CEIT-Castel/Moissac"]
[Site "?"]
[Date "2004.10.10"]
[Round "1"]
[White "Catala, Laurent"]
[Black "Bachkat, Ali"]
[Result "1/2-1/2"]
[WhiteElo "1880"]
[BlackElo "1660"]
[EventDate "2004.10.12"]
[PlyCount "144"]

1.e4 c5 2.Nf3 d6 3.d4 cxd4 4.Nxd4 g6 5.Bc4 Bg7 6.O-O Nf6 7.Nc3 O-O 8.Be3 
a6 9.a4 Qc7 10.Bb3 Ng4 11.Nd5 Qd8 12.Bg5 Nf6 13.Nxf6+ exf6 14.Bh4 Qb6 15.
Ne2 Bg4 16.h3 Bxe2 17.Qxe2 Re8 18.Bg3 f5 19.Qc4 Rf8 20.exf5 Bxb2 21.Rab1 
Bd4 22.fxg6 hxg6 23.Qd3 d5 24.Bxd5 Qf6 25.Rxb7 Nc6 26.Bxc6 Qxc6 27.Rfb1 
Rad8 28.Qb3 Rc8 29.Rc1 a5 30.c3 Qf6 31.c4 Qg5 32.Rf1 Bc5 33.Rb5 Qd8 34.Rd1
Qg5 35.Rxa5 Bxf2+ 36.Bxf2 Qxa5 37.Qb5 Qc3 38.Bd4 Qxc4 39.Qe5 f6 40.Qe4 Qf7
41.Rf1 Qg7 42.Qe6+ Kh7 43.Rxf6 Rc1+ 44.Kh2 Rxf6 45.Qxf6 Qxf6 46.Bxf6 Kg8 
47.a5 Rc8 48.Bd4 Ra8 49.Bb6 Kf7 50.Kg3 Ke6 51.Kg4 Kf6 52.h4 Rc8 53.a6 Rc4+
54.Kh3 Kf5 55.a7 Ra4 56.g4+ Kf6 57.Kg3 Ra3+ 58.Kf4 Ra4+ 59.Ke3 Ke5 60.Bd4+
Kd5 61.Bb6 Ra6 62.Kf4 Ke6 63.Kg5 Kf7 64.h5 gxh5 65.Kxh5 Kg7 66.g5 Kh7 67.
g6+ Kg7 68.Bd4+ Kg8 69.Kg5 Ra5+ 70.Kf4 Ra4 71.Ke4 Ra6 72.Kd5 Rxa7 1/2-1/2

[Event "N4 Foix - Ramonville"]
[Site "?"]
[Date "2004.10.10"]
[Round "1"]
[White "Lanllier"]
[Black "Bédos"]
[Result "1-0"]
[WhiteElo "1940"]
[BlackElo "2280"]
[EventDate "2004.10.11"]
[Annotator "Bedos,Michko"]
[PlyCount "81"]

1.d4 e6 2.c4 c5 3.e3 {Une petite "victoire" psychologique: Mon adversaire 
refuse la poussee en d5 qui nous amenerait dans une structure de defense 
Benoni tres a double tranchant..} 3...Nf6 4.Nf3 a6 $5 {Un coup utile dans 
un certain nombre de schemas qui pourraient intervenir a partir de cette 
position.} 5.Nc3 
    ( {Par exemple} 5.d5 $6 exd5 6.cxd5 b5 
        ( {ou} 6...d6 7.Nc3 b5 )
    )
5...d5 {Par transposition, nous sommes arrives dans une defense Tarrasch 
du gambit de la dame, variante symetrique relativement calme.} 6.a3 $5 {
Une facon pour les Blancs de ... ne pas s'engager.} 
    ( 6.Be2 $6 dxc4 7.Bxc4 b5 8.Bd3 Bb7 {conduirait a un gambit dame 
    accepte avec un temps de plus pour les Noirs.} )
    ( 6.cxd5 exd5 7.dxc5 
        ( 7.Be2 c4 $5 )
        ( 7.Bd3 $6 c4 $1 )
    7...Bxc5 8.Be2 Nc6 9.O-O Bg4 10.b3 Qd6 11.Bb2 Rd8 12.Rc1 O-O {
    amenerait a une vraie position a double tranchant ou l'avantage 
    d'espace et d'activite des Noirs compense largement la faiblesse du 
    pion isole. On peut constater que, dans toutes ces positions, le coup 
    4...a6 est utile voire tres utile.} )
6...dxc4 7.Bxc4 b5 8.Be2 
    ( 8.Ba2 $5 {serait interessant avec une ulterieure poussee d4-d5 si 
    possible mais cela relacherait la pression sur le pion b5.} )
8...Bb7 
    ( 8...cxd4 {permettrait le tres fade} 9.Nxd4 {apres quoi il est 
    sincerement difficile de jouer pour le gain avec les Noirs.} )
9.O-O Nbd7 $5 {Pour rompre la symetrie , ne pas occulter la diagonale 
a8-f3 et viser ulterieurement la case c4.} 10.dxc5 Bxc5 
    ( {J'avais vu la suite} 10...Nxc5 11.b4 Qxd1 12.Rxd1 Nb3 13.Rb1 Nxc1 
    14.Rbxc1 {avec la paire de fous pour les Noirs mais je n'ai pu juger 
    des consequences reelles de l'avance de developpement des Blancs.} )
11.b4 Be7 
    ( {sur} 11...Ba7 )
    ( {ou} 11...Bb6 {je craignais la rupture} 12.a4 $1 )
12.Bb2 O-O 13.Qb3 Nb6 14.Rfd1 Qb8 15.Ng5 $6 {Un coup curieux qui menace du
sacrifice en e6 exploitant le manque de protection du Cb6.} 
    ( 15.Rac1 $11 Rc8 16.Nd2 Bd6 17.h3 )
15...Nfd5 
    ( 15...Nc4 $1 16.Bxc4 $2 Ng4 $1 {et les Noirs ont de serieux ennuis...
    } )
16.Nge4 Rc8 17.Rac1 Nc4 {les Noirs commencent a prendre un petit avantage.
} 18.Bf3 Ndb6 19.Ba1 Bc6 $5 {protege b5, permet d'aligner la dame et le 
fou et permet eventuellement Ta7-c7.} 20.Ne2 Ra7 21.Nf4 
    ( 21.Nd4 Bd5 $1 22.Qc3 $6 
        ( 22.Qc2 $2 Nxe3 )
    22...Na4 23.Qe1 Nxa3 )
21...e5 $1 22.Nd3 Bd5 $5 
    ( 22...Qa8 $1 23.Ndc5 Kh8 24.Qc2 f5 
        ( 24...Nxa3 )
    25.Nd2 Bxf3 26.Nxf3 e4 27.Nd2 Bxc5 )
23.Ndc5 {La dame blanche ne me semblait pas avoir vraiment de bonne case.}
    ( {Fritz suggere} 23.Qb1 Nxa3 
        ( 23...Rd8 $1 )
    24.Bxe5 Nxb1 25.Bxb8 Rxb8 26.Rxb1 a5 {et les Noirs sont un peu mieux 
    grace a leur majorite sur l'aile dame et a leur paire de fous.} )
23...Nd2 $1 24.Qd3 Nxf3+ 25.gxf3 f6 26.Qf1 $1 {un bon coup pour rester 
dans la partie.} 26...Qa8 $1 27.Qh3 Rac7 $17 28.Kh1 $2 
    ( 28.Qg4 Kh8 )
28...Bxc5 
    ( 28...Kh8 $5 )
29.bxc5 Bxe4 30.fxe4 Qxe4+ 31.f3 Qb7 32.Qe6+ Kf8 {Les Blancs tentent un 
dernier piege:} 
    ( {si j'avais vu ce qui arrivait, j'aurais certainement joue} 32...Kh8
    33.c6 Qa8 34.Rc5 
        ( 34.Rc3 Nc4 35.Rcd3 h6 36.Qf5 Rxc6 )
    34...Nc4 35.e4 Na5 {et le pion tombe dans toutes les variantes et avec
    lui la position blanche.} )
33.c6 $1 {Convaincu de la superiorite de ma position, j'ai arrete 
d'analyser et... J'ai joue tres vite} 33...Rxc6 $4 
    ( 33...Qa8 34.Kg2 {et maintenant on peut prendre le pion.} 34...Rxc6 
    35.Rxc6 Rxc6 
        ( 35...Qxc6 $4 36.Rd8+ )
    )
34.Rxc6 $18 Re8 {La suite se passe de commentaires.} 35.Qd6+ Re7 36.e4 Nc4
37.Qc5 Kf7 38.h4 Nxa3 39.h5 Nc4 40.Qd5+ Kf8 41.Qd8+ 1-0

[Event "D4-Colomiers1-Tarbes"]
[Site "Tarbes"]
[Date "2004.10.10"]
[Round "1.8"]
[White "Thet, Sylvain"]
[Black "N'Guyen, Sébastien"]
[Result "1-0"]
[WhiteElo "1590"]
[BlackElo "1540"]
[EventDate "2004.10.10"]
[PlyCount "141"]

1.d4 Nf6 2.Nf3 g6 3.e3 Bg7 4.c4 d6 5.Nc3 O-O 6.b4 a5 7.b5 c5 8.Bb2 Nbd7 9.
d5 Nb6 10.Rb1 e6 11.Be2 exd5 12.Nxd5 Nfxd5 13.cxd5 Bxb2 14.Rxb2 Qf6 15.Rd2
Bg4 16.O-O Rfe8 17.Nd4 Nxd5 18.Bxg4 cxd4 19.Rxd4 Nc3 20.Qb3 Ne4 21.Bf3 Nc5
22.Qa3 Qe5 23.Rfd1 Red8 24.h3 f5 25.Rd5 Qe7 26.R5d4 Kg7 27.Qc3 Kg8 28.Qd2 
Ne6 29.Rd3 Nc5 30.Rd4 Ne6 31.Ra4 b6 32.Rc4 Nc5 33.Rdc1 Rac8 34.Rd1 Nb7 35.
Rd4 Nc5 36.Bc6 Ne4 37.Bxe4 fxe4 38.Rxd6 Rxd6 39.Qxd6 Qxd6 40.Rxd6 Rb8 41.
Rd7 Rc8 42.Rb7 Rc1+ 43.Kh2 Rc2 44.Kg3 Rxa2 45.Rxb6 Kf7 46.Rb7+ Ke6 47.Rxh7
Rb2 48.Rb7 Ke5 49.b6 Kd6 50.Ra7 Rb5 51.Rg7 Rxb6 52.Rxg6+ Kc5 53.Rg5+ Kb4 
54.Re5 a4 55.Rxe4+ Kb3 56.Rd4 a3 57.Rd3+ Kb2 58.f4 Rb3 59.Rd2+ Kb1 60.f5 
Rxe3+ 61.Kf4 Rc3 62.g4 a2 63.Rxa2 Kxa2 64.h4 Kb3 65.h5 Rc4+ 66.Kg5 Rc8 67.
f6 Kc4 68.f7 Kd5 69.Kf6 Rc6+ 70.Kg7 Rc7 71.Kg8 1-0

[Event "D4-Colomiers1-Tarbes"]
[Site "Tarbes"]
[Date "2004.10.10"]
[Round "1.7"]
[White "Decorchemont, Julien"]
[Black "Bildstein, Gérard"]
[Result "0-1"]
[WhiteElo "1580"]
[BlackElo "1650"]
[EventDate "2004.10.10"]
[PlyCount "112"]

1.c4 Nf6 2.Nc3 d6 3.g3 e5 4.d3 Nc6 5.Bg2 Be6 6.Nf3 Qd7 7.Ng5 Bf5 8.h3 h6 
9.Nf3 Be7 10.Be3 a6 11.a3 O-O 12.Qd2 Rab8 13.g4 Be6 14.g5 hxg5 15.Nxg5 Nh7
16.Nxe6 Qxe6 17.Bd5 Qf6 18.Ne4 Qh4 19.O-O-O Nd4 20.Bxd4 exd4 21.Rdg1 c6 
22.Rg4 Qh5 23.Ng3 Qe5 24.Be4 f5 25.f4 Qe6 26.Nxf5 Rxf5 27.Bxf5 Qxf5 28.
Rhg1 Bf6 29.Qb4 Qc5 30.Qa4 Nf8 31.b4 Qf5 32.Qb3 Qe6 33.Qb2 Qe3+ 34.Kb1 Re8
35.f5 Qxe2 36.Rxg7+ Bxg7 37.Qxd4 Qe5 38.Qxe5 Rxe5 39.f6 Ne6 40.d4 Rg5 41.
Re1 Bxf6 42.Rxe6 Bxd4 43.Rxd6 c5 44.Rd8+ Kh7 45.bxc5 Bxc5 46.h4 Rg7 47.Rd5
b6 48.Ka2 Rg4 49.Kb2 Rxh4 50.Rd7+ Kg6 51.Ra7 a5 52.Rc7 Rxc4 53.Kb3 Rh4 54.
a4 Rb4+ 55.Ka3 Kf5 56.Rf7+ Ke4 0-1

[Event "D4-Colomiers1-Tarbes"]
[Site "Tarbes"]
[Date "2004.10.10"]
[Round "1.5"]
[White "Artis, Francois"]
[Black "Carassus, Jean-Louis"]
[Result "0-1"]
[WhiteElo "1740"]
[BlackElo "1780"]
[EventDate "2004.10.10"]
[PlyCount "92"]

1.e4 e5 2.Nc3 Nf6 3.f4 Nc6 4.fxe5 Nxe5 5.d4 Nc6 6.e5 Ng8 7.Nf3 d6 8.Bc4 
Bg4 9.O-O Qd7 10.Bg5 h6 11.Bh4 g5 12.Bg3 O-O-O 13.Bb5 a6 14.Ba4 b5 15.Nxb5
axb5 16.Bxb5 d5 17.c3 Qe6 18.a4 Na5 19.b3 c5 20.Rb1 Ne7 21.Qe1 Nec6 22.Kh1
f5 23.h3 Bh5 24.Bf2 g4 25.Nh4 f4 26.Bd3 Ne7 27.Bg1 gxh3 28.Rxf4 hxg2+ 29.
Kh2 Rg8 30.Rb2 Rg4 31.Rf6 Qg8 32.c4 Nb7 33.Nxg2 Qg5 34.Be3 Qg8 35.Rbf2 
cxd4 36.Bxh6 Bxh6 37.Rxh6 Qg5 38.Qd2 Qxe5+ 39.Kh1 Rg3 40.Bf5+ Nxf5 41.Rxh5
Rh8 42.Qd1 Rh3+ 43.Rxh3 Rxh3+ 44.Kg1 Qh2+ 45.Kf1 Ng3+ 46.Ke1 Qg1+ 0-1

[Event "D4-Colomiers1-Tarbes"]
[Site "Tarbes"]
[Date "2004.10.10"]
[Round "1.4"]
[White "Martinez, Bénito"]
[Black "Blesing, René"]
[Result "1-0"]
[WhiteElo "1820"]
[BlackElo "1780"]
[EventDate "2004.10.10"]
[PlyCount "61"]

1.e4 {0} 1...Nf6 2.Nc3 d6 3.d4 g6 4.Nf3 Bg7 5.Be2 Bg4 6.h3 Bxf3 7.Bxf3 c6 
8.Bf4 O-O 9.Qd2 Nbd7 10.g4 e5 11.dxe5 dxe5 12.Be3 Nb6 13.Qe2 Qc7 14.h4 
Nbd7 15.h5 gxh5 16.g5 Ne8 17.Rxh5 f6 18.Bg4 fxg5 19.Be6+ Kh8 20.Rxg5 Ndf6 
21.O-O-O Bh6 22.Rg2 Bxe3+ 23.Qxe3 Qe7 24.Qh3 Ng7 25.Bb3 Ngh5 26.Ne2 Nf4 
27.Nxf4 exf4 28.f3 Qe5 29.Rdg1 Qh5 30.Qe6 h6 31.Qe7 1-0

[Event "D4-Colomiers1-Tarbes"]
[Site "Tarbes"]
[Date "2004.10.10"]
[Round "1.3"]
[White "Alladaye, René"]
[Black "Varmot, Jean-Jacques"]
[Result "0-1"]
[WhiteElo "1790"]
[BlackElo "1850"]
[EventDate "2004.10.10"]
[PlyCount "100"]

1.Nf3 Nf6 2.d3 g6 3.g3 Bg7 4.Bg2 c5 5.O-O Nc6 6.e4 d6 7.Re1 O-O 8.c3 e5 9.
a4 Ne8 10.Bg5 f6 11.Qb3+ Kh8 12.Be3 f5 13.Ng5 Qe7 14.exf5 gxf5 15.Bd5 f4 
16.Bxf4 Nd8 17.Nd2 Rxf4 18.gxf4 Qf6 19.Qc4 h6 20.Nf7+ Nxf7 21.Bxf7 Bh3 22.
Nf1 Nc7 23.Ng3 exf4 24.Ne4 Qh4 25.f3 Rd8 26.Bd5 Qh5 27.Nf2 Qg5+ 28.Ng4 
Nxd5 29.Kf2 Ne3 30.Qb5 Nxg4+ 31.fxg4 Bxg4 32.Re8+ Rxe8 33.Qxe8+ Kh7 34.
Qe4+ Bf5 35.Qf3 Qh4+ 36.Kg1 Qg4+ 37.Qxg4 Bxg4 38.Kf2 Kg6 39.Re1 Be5 40.Rg1
Kf5 41.Rb1 b6 42.Ra1 a5 43.Ra3 d5 44.Rb3 Bc7 45.c4 d4 46.Ra3 f3 47.Ra1 
Bxh2 48.Re1 Be5 49.Re4 h5 50.Re1 h4 0-1

[Event "D4-Colomiers1-Tarbes"]
[Site "Tarbes"]
[Date "2004.10.10"]
[Round "1.2"]
[White "Langlois, Jérôme"]
[Black "Hantisse, Alain"]
[Result "1/2-1/2"]
[WhiteElo "1915"]
[BlackElo "1940"]
[EventDate "2004.10.10"]
[PlyCount "58"]

1.e4 c6 2.d4 d5 3.exd5 cxd5 4.Nf3 Nc6 5.Bf4 Nf6 6.Nc3 a6 7.Be2 Bg4 8.O-O 
e6 9.Ne5 Bxe2 10.Nxe2 Bd6 11.Ng3 Qc7 12.Re1 O-O 13.c3 Nd7 14.Nxd7 Qxd7 15.
Bxd6 Qxd6 16.Qg4 f5 17.Qf3 f4 18.Nf1 Rf6 19.h3 Re8 20.Rad1 Ref8 21.Nh2 b5 
22.Ng4 Rg6 23.Ne5 Nxe5 24.Rxe5 Rff6 25.Rde1 Kf8 26.Rh5 Kg8 27.Ree5 Qf8 28.
Re1 Rf5 29.Re5 Rxh5 1/2-1/2

[Event "D4-Colomiers1-Tarbes"]
[Site "Tarbes"]
[Date "2004.10.10"]
[Round "1.1"]
[White "Moiseev, Igor"]
[Black "Rich, Philippe"]
[Result "1-0"]
[WhiteElo "2349"]
[BlackElo "1950"]
[EventDate "2004.10.10"]
[PlyCount "33"]

1.e4 e5 2.Nf3 Nf6 3.Nxe5 c6 4.Bc4 Qa5 5.Bxf7+ Ke7 6.f4 Nxe4 7.Nc3 Nxc3 8.
dxc3 d6 9.Nc4 Qc7 10.Qh5 Nd7 11.f5 Nf6 12.Bg5 Bxf5 13.O-O Bg4 14.Bxf6+ 
gxf6 15.Rae1+ Be6 16.Rxe6+ Kd7 17.Qf5 1-0

[Event "D4 - Colomiers1-Tarbes"]
[Site "Tarbes"]
[Date "2004.10.10"]
[Round "1.6"]
[White "Labarthe, Francois"]
[Black "Moiseyev, Vlas"]
[Result "0-1"]
[WhiteElo "1670"]
[BlackElo "1680"]
[EventDate "2004.10.10"]
[PlyCount "84"]

1.e4 c5 2.d4 cxd4 3.c3 dxc3 4.Nxc3 e6 5.Nf3 Bb4 6.Qb3 Nc6 7.Bc4 Nf6 8.O-O 
Bxc3 9.Qxc3 Nxe4 10.Qxg7 Qf6 11.Qxf6 Nxf6 12.b3 Rg8 13.Bb2 Ke7 14.Rad1 d5 
15.Bd3 h6 16.Bb1 b5 17.Ne5 Nxe5 18.Bxe5 Bb7 19.f3 Nh5 20.Rc1 Rac8 21.b4 f6
22.Bd4 Nf4 23.Rxc8 Rxg2+ 24.Kh1 Bxc8 25.Bxa7 Re2 26.Rc1 Bd7 27.Bc5+ Kf7 
28.Bc2 e5 29.Bb3 Bh3 30.Rg1 Ke6 31.a4 bxa4 32.Bxa4 Bg2+ 33.Rxg2 Rxg2 34.
Be3 Ra2 35.Bxf4 Rxa4 36.Bxh6 Rxb4 37.Kg2 f5 38.h3 f4 39.h4 Rb2+ 40.Kh3 d4 
41.Bf8 d3 42.Ba3 Rb1 0-1

[Event "R1 Tournefeuille3-CEIT5"]
[Site "Tournefeuille"]
[Date "2004.10.10"]
[Round "1.6"]
[White "Cwiek, Francoise"]
[Black "Vanden-Breeden, Christian"]
[Result "0-1"]
[WhiteElo "1030"]
[BlackElo "1410"]
[EventDate "2004.??.??"]
[PlyCount "50"]

1.d4 d5 2.Nf3 Nf6 3.e3 a6 4.Nc3 e6 5.Bd3 Bd6 6.O-O O-O 7.Re1 b5 8.a3 Bb7 
9.Ng5 h6 10.Nf3 Nbd7 11.e4 b4 12.e5 bxc3 13.exd6 cxb2 14.dxc7 bxa1=Q 15.
cxd8=Q Raxd8 16.Qd2 Rc8 17.Qf4 Qc3 18.Kf1 Qc7 19.Qd2 Rfe8 20.h3 e5 21.Bf5 
e4 22.Nh2 a5 23.Re2 Ba6 24.Ke1 Qxh2 25.Re3 Qh1# 0-1

[Event "R1 Tournefeuille3-CEIT5"]
[Site "Tournefeuille"]
[Date "2004.10.10"]
[Round "1.5"]
[White "Pinault, Ronan"]
[Black "Joanny, Bertrand"]
[Result "1-0"]
[WhiteElo "1650"]
[BlackElo "1480"]
[EventDate "2004.??.??"]
[PlyCount "103"]

1.d4 Nf6 2.c4 c5 3.d5 b5 4.cxb5 a6 5.bxa6 Bxa6 6.Nc3 d6 7.Nf3 Nbd7 8.Nd2 
g6 9.e4 Bg7 10.Bxa6 Rxa6 11.Qe2 Ra8 12.O-O O-O 13.Nc4 Nb6 14.Rd1 Qc7 15.
Bf4 Nh5 16.Bd2 Nf6 17.Nb5 Qb7 18.Bc3 Rfb8 19.Nxb6 Qxb6 20.Na3 Qa6 21.Qc2 
Qa4 22.Qxa4 Rxa4 23.f3 Nh5 24.Bxg7 Nxg7 25.Rd2 Nh5 26.Rc1 f6 27.Rc4 Rab4 
28.Rxb4 Rxb4 29.Rc2 Rd4 30.Kf2 Rd1 31.Nb5 Ra1 32.a3 Ng7 33.Nc7 Kf8 34.Rc3 
Ra2 35.Rb3 Ne8 36.Rb8 Kf7 37.Nxe8 c4 38.Kg3 c3 39.bxc3 Rxa3 40.c4 Rc3 41.
Nc7 Rxc4 42.Ne6 g5 43.Rf8+ Kg6 44.Rg8+ Kf7 45.Rg7+ Ke8 46.Rxh7 Rc8 47.Rh8+
Kd7 48.Rxc8 Kxc8 49.Kg4 Kd7 50.Kf5 Ke8 51.Kg6 Kd7 52.Kf7 1-0

[Event "R1 Tournefeuille3-CEIT5"]
[Site "Tournefeuille"]
[Date "2004.10.10"]
[Round "1.4"]
[White "Dahbi, Ahmed"]
[Black "Taravaud, Evelyne"]
[Result "1-0"]
[WhiteElo "1480"]
[BlackElo "1610"]
[EventDate "2004.??.??"]
[PlyCount "121"]

1.d4 Nf6 2.c4 c5 3.e3 e6 4.Nf3 Be7 5.Nc3 d5 6.Bd3 a6 7.a4 Nbd7 8.Qc2 Nb6 
9.b3 Qc7 10.a5 Nbd7 11.O-O b6 12.axb6 Nxb6 13.Ba3 Bb7 14.e4 Nh5 15.Rfe1 
Nf4 16.Bf1 O-O 17.g3 Ng6 18.exd5 exd5 19.Qd3 Rfe8 20.Bg2 Rad8 21.cxd5 c4 
22.bxc4 Nxc4 23.Bxe7 Nxe7 24.Na4 Bxd5 25.Nc5 a5 26.Rac1 Nd6 27.Ne6 Qb8 28.
Nxd8 Qxd8 29.Ng5 g6 30.Rc5 Bxg2 31.Kxg2 Ndf5 32.Qb3 Rf8 33.d5 Nd6 34.Qf3 
Nef5 35.Qf4 h6 36.Nf3 Qa8 37.g4 g5 38.Qa4 Nb7 39.Rc6 Nbd6 40.gxf5 Nxf5 41.
Rc5 Nd6 42.Rxa5 Qd8 43.Qa2 Qd7 44.Qa4 Qf5 45.Re5 Qg6 46.Qg4 f5 47.Qb4 g4 
48.Nd4 f4 49.Ra6 f3+ 50.Kg1 Qd3 51.Rxd6 Qd1+ 52.Re1 Qd3 53.Rde6 g3 54.Rg6+
Qxg6 55.hxg3 h5 56.Re3 Qg4 57.Qc3 h4 58.Rxf3 Rc8 59.Qe3 Ra8 60.Qe6+ Kh8 
61.Qxg4 1-0

[Event "R1 Tournefeuille3-CEIT5"]
[Site "Tournefeuille"]
[Date "2004.10.10"]
[Round "1.3"]
[White "Rynik, Gerard"]
[Black "Ghoumari, Ahmed"]
[Result "1/2-1/2"]
[WhiteElo "1650"]
[BlackElo "1499"]
[EventDate "2004.??.??"]
[PlyCount "143"]

1.c4 Nc6 2.g3 Nf6 3.Nc3 g6 4.Bg2 Bg7 5.Nf3 O-O 6.e4 d6 7.h3 e5 8.O-O Nd4 
9.Ne1 Be6 10.d3 c5 11.Bg5 Qd7 12.Kh2 h6 13.Be3 a6 14.Nd5 Bxd5 15.cxd5 Rac8
16.Rc1 b5 17.b3 b4 18.f4 Nb5 19.fxe5 dxe5 20.Qd2 Nd4 21.Bxh6 Nh7 22.Bxg7 
Kxg7 23.Nf3 Qe7 24.Rc4 Nb5 25.Qb2 Nc3 26.Nd2 Qg5 27.Nb1 Nb5 28.Qf2 Nd4 29.
Rfc1 Qe7 30.Rf1 f5 31.Qe3 Rf7 32.Nd2 Qd6 33.exf5 Nxf5 34.Qe1 Nf6 35.Ne4 
Qd7 36.Nxf6 Rxf6 37.Re4 Re8 38.g4 Nd6 39.Re3 Rxf1 40.Qxf1 Rf8 41.Qc1 Nb5 
42.Qe1 Re8 43.h4 Qd6 44.Rg3 Nc3 45.a3 Nxd5 46.Bxd5 Qxd5 47.axb4 Rf8 48.
bxc5 Qxc5 49.Qe3 Rf2+ 50.Kg1 Qxe3 51.Rxe3 Rf4 52.Re4 Rf3 53.d4 exd4 54.
Rxd4 Rxb3 55.Ra4 Rb6 56.Kf2 Re6 57.Kf3 Kf7 58.Kf4 Kg7 59.Ra5 Kg8 60.h5 Kg7
61.hxg6 Kxg6 62.Rg5+ Kf7 63.Rf5+ Kg7 64.Rg5+ Kh6 65.Rh5+ Kg7 66.Rg5+ Kf7 
67.Rf5+ Ke7 68.Re5 Kf6 69.Rxe6+ Kxe6 70.Ke4 a5 71.Kd4 Kd6 72.Kc4 1/2-1/2

[Event "R1 Tournefeuille3-CEIT5"]
[Site "Tournefeuille"]
[Date "2004.10.10"]
[Round "1.2"]
[White "Benayoun, David"]
[Black "Egea, Claude"]
[Result "1-0"]
[WhiteElo "1600"]
[BlackElo "1710"]
[EventDate "2004.??.??"]
[PlyCount "149"]

1.e4 e5 2.Nf3 Nf6 3.Nc3 Bb4 4.Bc4 d6 5.d3 Bg4 6.Bg5 Nbd7 7.a3 Bxc3+ 8.bxc3
O-O 9.O-O c6 10.h3 Bh5 11.g4 Bg6 12.Nh4 Kh8 13.Qd2 Qc7 14.Kh2 d5 15.exd5 
cxd5 16.Bb3 Qa5 17.a4 Rac8 18.c4 Qxd2 19.Bxd2 dxc4 20.Bxc4 e4 21.f4 exd3 
22.Nxg6+ fxg6 23.Bxd3 Nc5 24.Bb4 Nd5 25.Bxc5 Rxc5 26.f5 gxf5 27.Rxf5 Rxf5 
28.Bxf5 g6 29.Bd3 Nf4 30.Be4 b6 31.Rd1 Rc4 32.Rd8+ Kg7 33.Rd7+ Kh6 34.Bf3 
Rxc2+ 35.Kg3 g5 36.Rxa7 Rc3 37.Rb7 Ra3 38.Rxb6+ Kg7 39.Ra6 Nxh3 40.Ra7+ 
Kg6 41.Kxh3 Rxf3+ 42.Kg2 Ra3 43.a5 Ra4 44.Kf3 h5 45.Ra6+ Kg7 46.gxh5 Kh7 
47.h6 Kh8 48.Ra7 g4+ 49.Kg3 Kg8 50.a6 Kh8 51.Kh4 g3+ 52.Kxg3 Kg8 53.Rg7+ 
Kh8 54.a7 Ra5 55.Rb7 Ra3+ 56.Kf4 Ra4+ 57.Ke5 Ra5+ 58.Kf6 Ra6+ 59.Kf7 Kh7 
60.Ke8+ Kh8 61.Kd8 Ra5 62.Kc8 Rf5 63.Rd7 Ra5 64.Kb8 Rb5+ 65.Rb7 Rf5 66.
a8=Q Rf8+ 67.Ka7 Rxa8+ 68.Kxa8 Kg8 69.Kb8 Kh8 70.Kc8 Kg8 71.Kd8 Kh8 72.Ke7
Kh7 73.Kf6+ Kxh6 74.Rb1 Kh5 75.Rg1 1-0

[Event "R1 Tournefeuille3-CEIT5"]
[Site "Tournefeuille"]
[Date "2004.10.10"]
[Round "1.1"]
[White "Brochet, Thierry"]
[Black "Lafforgue, Jean-Michel"]
[Result "1-0"]
[WhiteElo "1650"]
[BlackElo "1760"]
[EventDate "2004.??.??"]
[PlyCount "137"]

1.e4 c6 2.d4 d5 3.Nc3 dxe4 4.Nxe4 Nd7 5.Bd3 Ngf6 6.c3 e6 7.Bf4 Nxe4 8.Bxe4
Be7 9.Qc2 Nf6 10.Bd3 Qd5 11.Nf3 b6 12.Be5 h6 13.h3 Bb7 14.O-O Rc8 15.c4 
Qd8 16.Rad1 Bd6 17.Rfe1 O-O 18.a3 c5 19.dxc5 Bxf3 20.Bxd6 Bxd1 21.Rxd1 Re8
22.cxb6 Qxb6 23.c5 Qc6 24.b4 a6 25.a4 Red8 26.b5 axb5 27.axb5 Qa8 28.Be7 
Rd5 29.c6 Qa7 30.Bxf6 gxf6 31.Bh7+ Kg7 32.Rxd5 exd5 33.Bf5 Qa1+ 34.Qb1 
Qxb1+ 35.Bxb1 Rc7 36.Bf5 Kf8 37.Bd7 Ke7 38.b6 Rxd7 39.b7 Rc7 40.b8=Q Rxc6 
41.Qb7+ Kd6 42.Qxf7 Ke5 43.Qh5+ f5 44.Qe2+ Kf6 45.Qd2 Ke5 46.Qe3+ Kd6 47.
Qxh6+ Kc5 48.Qc1+ Kd6 49.Qf4+ Ke6 50.Qh6+ Kd7 51.Qh7+ Kd6 52.Qxf5 Rc1+ 53.
Kh2 Rc4 54.Qf6+ Kc5 55.Qe5 Rd4 56.f4 Re4 57.Qc3+ Rc4 58.Qf3 d4 59.f5 Rc3 
60.f6 Rxf3 61.gxf3 Kd6 62.Kg3 Ke6 63.f7 Kxf7 64.Kf4 Kf6 65.Ke4 d3 66.Kxd3 
Ke5 67.Ke3 Kf5 68.f4 Kf6 69.Ke4 1-0

[Event "R1 Millau-EVT2"]
[Site "Albi?"]
[Date "2004.10.10"]
[Round "1.4"]
[White "Doustens, Jean Jacques"]
[Black "Balard, Philippe"]
[Result "0-1"]
[WhiteElo "1440"]
[BlackElo "1499"]
[EventDate "2004.??.??"]
[PlyCount "56"]

1.e4 Nc6 2.d4 e6 3.Nf3 d5 4.e5 Nh6 5.h3 Nf5 6.Bb5 Bd7 7.Bxc6 Bxc6 8.O-O f6
9.Re1 Be7 10.g4 Nh6 11.Bxh6 gxh6 12.exf6 Bxf6 13.Rxe6+ Be7 14.Rxh6 Bf6 15.
g5 Bxg5 16.Re6+ Kd7 17.Qe2 Bf4 18.Ne5+ Bxe5 19.Qxe5 Qg8+ 20.Kf1 Qxe6 21.
Qxe6+ Kxe6 22.Nc3 Rae8 23.Ke2 Kf5+ 24.Kd2 Rhg8 25.Rf1 Kf4 26.a4 Kf3 27.b3 
Rg2 28.Nd1 Bd7 0-1

[Event "R1 Millau-EVT2"]
[Site "Albi"]
[Date "2004.10.10"]
[Round "1.6"]
[White "Bichet, Thierry"]
[Black "Hazak, Marcel"]
[Result "1-0"]
[WhiteElo "1499"]
[BlackElo "1290"]
[EventDate "2004.??.??"]
[PlyCount "79"]

1.e4 g6 2.d4 Bg7 3.Nf3 d6 4.Nc3 Bg4 5.h3 Bxf3 6.Qxf3 Nc6 7.d5 Nd4 8.Qd3 c5
9.dxc6 Nxc6 10.Be2 Ne5 11.Qb5+ Qd7 12.Nd5 Nc6 13.Bd2 Nf6 14.Bc3 e5 15.Bd3 
O-O 16.Bd2 a6 17.Qa4 Rfc8 18.Bh6 Nxd5 19.exd5 Bxh6 20.dxc6 Rxc6 21.Bb5 
Rac8 22.Bxc6 Rxc6 23.h4 Qc7 24.c3 Bg7 25.Qc2 h5 26.O-O-O f5 27.Rh3 e4 28.
Rg3 Kh7 29.Re3 b5 30.f3 b4 31.Kd2 Bh6 32.fxe4 Qb6 33.Re1 Bxe3+ 34.Rxe3 f4 
35.Rf3 Qg1 36.Qd3 Qxg2+ 37.Qe2 Qg4 38.Qf2 bxc3+ 39.bxc3 Qxh4 40.Qxh4 1-0

[Event "R1 Millau-EVT2"]
[Site "Albi"]
[Date "2004.10.10"]
[Round "1.5"]
[White "Andram, Olivier"]
[Black "Rashoev, Rezo"]
[Result "0-1"]
[WhiteElo "1499"]
[BlackElo "1390"]
[EventDate "2004.??.??"]
[PlyCount "114"]

1.d4 e6 2.Nf3 Nf6 3.e3 a6 4.Bd3 b5 5.a3 Bb7 6.Bd2 Nc6 7.Nc3 g6 8.e4 Bg7 9.
e5 Ng8 10.Ne4 d6 11.Bf4 d5 12.Neg5 Qd7 13.O-O O-O-O 14.Qd2 h6 15.Nh3 g5 
16.Be3 g4 17.c3 gxh3 18.gxh3 f6 19.Kh1 f5 20.b3 Nge7 21.a4 Na5 22.axb5 
Nxb3 23.Qa2 Nxa1 24.bxa6 Ba8 25.Rxa1 c6 26.Qb2 Qa7 27.Nd2 Kd7 28.Nb3 Ke8 
29.Nc5 Rb8 30.Qc1 Kf7 31.Qd1 h5 32.Be2 Rb2 33.Bxh5+ Ng6 34.Bxg6+ Kxg6 35.
Qg1+ Kf7 36.Qg5 Qb6 37.h4 Rb1+ 38.Rxb1 Qxb1+ 39.Kg2 Qd1 40.Nxe6 Qg4+ 41.
Qxg4 fxg4 42.Nc7 Rc8 43.e6+ Ke7 44.Bf4 Bh6 45.Kg3 Bxf4+ 46.Kxf4 Rxc7 47.
Kxg4 Kf6 48.f4 Rg7+ 49.Kh5 Kf5 50.Kh6 Rg4 51.h5 Kxf4 52.Kh7 Rh4 53.h6 Kg5 
54.Kg7 Rxh6 55.Kf7 Rh7+ 56.Ke8 Ra7 57.Kd8 Rxa6 0-1

[Event "R1 Millau-EVT2"]
[Site "Albi"]
[Date "2004.10.10"]
[Round "1.3"]
[White "Barwik, Stefan"]
[Black "Faure, Stephane"]
[Result "1/2-1/2"]
[WhiteElo "1590"]
[BlackElo "1480"]
[EventDate "2004.??.??"]
[PlyCount "88"]

1.d4 Nf6 2.c4 d6 3.Nc3 g6 4.e3 Bg7 5.Nf3 O-O 6.Be2 Nc6 7.O-O e5 8.d5 Ne7 
9.e4 Bd7 10.Be3 Ng4 11.Qd2 Nxe3 12.fxe3 f5 13.exf5 gxf5 14.e4 f4 15.Rf2 
Ng6 16.h3 Kh8 17.Nh2 Rg8 18.Bh5 Nh4 19.Qe2 Qg5 20.Bg4 Bxg4 21.Qxg4 Bh6 22.
Qxg5 Bxg5 23.Nf3 Nxf3+ 24.Rxf3 Rg7 25.Rc1 Rag8 26.Rc2 Bh4 27.Kh2 Be1 28.
Re2 Bg3+ 29.Kh1 Bh4 30.Kh2 h5 31.Nb1 Kh7 32.Nd2 Bg3+ 33.Kh1 Bh4 34.Rb3 b6 
35.Nf3 Bg3 36.Kg1 Kh6 37.Kf1 Kg6 38.Kg1 Kf6 39.Kh1 Rc8 40.Rc3 c6 41.Rec2 
Rgc7 42.dxc6 Rxc6 43.b3 b5 44.Kg1 a6 1/2-1/2